000 00348 a2200157 4500
001 49474
020 _a
040 _cAnchieta - Bela Vista
100 _aBrasileiro, Jonar
240 1 0 _aO presente de Zé Doidinho
_lpor
245 1 0 _aO presente de Zé Doidinho
300 _a28
362 0 _a2001
650 4 _aLiteratura juvenil
942 _cBK
999 _c49474
_d49474